Constitución de la nación argentina : artículos, comentarios y actividades /

Guardado en:
Autor Principal: Hirschmann, Pablo G.
Formato: Libro
Publicado: Buenos Aires : Santillana, 1994
Materias:
Etiquetas: Agregar Etiqueta
Sin Etiquetas, Sea el primero en etiquetar este registro!
LEADER 00881nam a22002055a 4500
001 CEM.cems010140
005 20090401123947.0
008 130507s1994##################000#0#####d
003 CEMS
020 |a 9504606423 
082 0 4 |a Z342.82 
100 1 |a Hirschmann, Pablo G. 
245 1 0 |a Constitución de la nación argentina :  |b artículos, comentarios y actividades /  |c Comentado Por Pablo G. Hirschmann 
260 |a Buenos Aires :  |b Santillana,  |c 1994 
300 |a 191 p. 
505 0 |a La Constitución nacional a trravés de la historia -- Preámbulo -- Declaraciones, derechos y grantías -- Nuevos derechos y garantías -- Autoridades de la nación -- Disposiciones transitorias. 
653 |a Constitucion 
653 |a Constitución argentina 
859 |a CEMS  |b BIB. CEMS - 11 de abril  |h Z342.82  |i H617  |p 20615.99  |t Ej.1 
859 |a CEMS  |b BIB. CEMS - 11 de abril  |h Z342.82  |i H617  |p 25538.09  |t Ej.2